An evaluation of the performance of public sector in-service training institutes in Pakistan /
Saved in:
| Main Author: | |
|---|---|
| Format: | Thesis Book |
| Language: | English |
| Published: |
2007.
|
| Subjects: | |
| Tags: |
Add Tag
No Tags, Be the first to tag this record!
|
| LEADER | 01229cam a2200277 a 4500 | ||
|---|---|---|---|
| 001 | u792948 | ||
| 003 | SIRSI | ||
| 005 | 201006091508 | ||
| 008 | 100609s2007 my a t 000 0 eng m | ||
| 040 | |a UMM | ||
| 043 | |a a-pk--- | ||
| 090 | |a JF1338 |b UMP 2007 Wah | ||
| 100 | 1 | |a Waheed, Ajmal. | |
| 245 | 1 | 2 | |a An evaluation of the performance of public sector in-service training institutes in Pakistan / |c Ajmal Waheed. |
| 260 | |c 2007. | ||
| 300 | |a xxi, 201 [51] leaves : |b ill. ; |c 30 cm. | ||
| 502 | |a Thesis (Ph.D) -- Jabatan Pengajian Pentadbiran dan Politik, Fakulti Ekonomi dan Pentadbiran, Universiti Malaya, 2007. | ||
| 504 | |a Bibliography: leaves xxii - xxxvi. | ||
| 650 | 0 | |a Civil service |x In-service training |z Pakistan. | |
| 650 | 0 | |a Government corporations |x In-service training |z Pakistan. | |
| 650 | 0 | |a Public administration |x In-service training |z Pakistan. | |
| 710 | 2 | |a Universiti Malaya. |b Jabatan Pengajian Pentadbiran dan Politik. | |
| 900 | |a NHS-ZA | ||
| 596 | |a 1 19 | ||
| 999 | |a JF1338 UMP 2007 WAH |w LC |c 1 |i A514407597 |d 13/3/2020 |e 13/3/2020 |f 3/6/2011 |g 1 |l STACKS |m P01UTAMA |n 41 |r Y |s Y |t TESIS |u 2/6/2011 | ||
| 999 | |a JF1338 UMP 2007 WAH |w LC |c 1 |i A513782905 |d 10/8/2011 |f 10/8/2011 |g 1 |l STACKS |m P19KOTA |r Y |s Y |t TESIS |u 10/8/2011 | ||
